[Event "Venka & Antonia Ivanova Mem"]
[Site "Sofia BUL"]
[Date "2010.04.22"]
[Round "2"]
[White "Stanoev,A"]
[Black "Georgieva,E"]
[Result "1-0"]
[WhiteElo "2222"]
[BlackElo "1943"]

1.d4 d5 2.Nf3 c6 3.c4 Nf6 4.Nc3 a6 5.cxd5 cxd5 6.Bf4 Nc6 7.e3 Qb6 8.a3 Bg4
9.Be2 e6 10.O-O Be7 11.Na4 Qd8 12.Rc1 Bxf3 13.Bxf3 O-O 14.Be2 Rc8 15.Qb3 b5
16.Nc5 Na5 17.Qa2 Qb6 18.g4 Bxc5 19.dxc5 Qc6 20.f3 Rfe8 21.Rfd1 h6 22.b3 e5
23.Bg3 Nd7 24.Be1 e4 25.Bxa5 exf3 26.Bxf3 Rxe3 27.Bxd5 Qg6 28.Qg2 Nf6 29.Bf3 Rxb3
30.c6 Rxa3 31.c7 Rxa5 32.Rd8+ Kh7 33.Rxc8 Qg5 34.Rh8+  1-0

[Event "ch-SRB"]
[Site "Kragujevac SRB"]
[Date "2010.04.25"]
[Round "7"]
[White "Drazic,S"]
[Black "Savic,Miod1"]
[Result "1-0"]
[WhiteElo "2545"]
[BlackElo "2522"]

1.d4 d5 2.c4 c6 3.Nf3 Nf6 4.Nc3 a6 5.e3 g6 6.Qb3 Bg7 7.Bd2 O-O 8.a4 e6 9.Bd3 Nbd7
10.O-O Re8 11.Rfd1 Qe7 12.e4 dxe4 13.Nxe4 Nxe4 14.Bxe4 e5 15.Bb4 Qf6 16.dxe5 Qf4
17.Re1 Nxe5 18.g3 Qg4 19.Bd6 Bd7 20.Nxe5 Bxe5 21.Bf3 Qf5 22.Bxe5 Rxe5 23.Rxe5 Qxe5
24.Qxb7 Qe8 25.Rd1 Be6 26.Bxc6 Rb8 27.Qxa6 Qe7 28.Bb5 Rd8 29.Rxd8+ Qxd8 30.c5 Qd4
31.c6 Qxb2 32.Bf1 Qc2 33.Qb5 h5 34.a5 Qe4 35.c7 Kh7 36.a6 Qe1 37.Qe8 Qc1
38.c8=R Bxc8 39.a7 Ba6 40.Qxf7+ Kh6 41.Qf4+  1-0

[Event "Heroes Day Cup Masters"]
[Site "Bridgetown BAR"]
[Date "2010.05.01"]
[Round "8"]
[White "Hammar,B"]
[Black "Warner,De"]
[Result "1/2-1/2"]
[WhiteElo "2264"]
[BlackElo "2216"]

1.d4 d5 2.Nf3 Nf6 3.c4 c6 4.Nc3 a6 5.cxd5 cxd5 6.Bf4 Nc6 7.e3 Bf5 8.a3 e6
9.h3 Bd6 10.Bxd6 Qxd6 11.Bd3 Bxd3 12.Qxd3 O-O 13.O-O Rfc8 14.b4 b5 15.Rfc1 h6
16.Rc2 Rc7 17.Rac1 Rac8 18.Kh1 g6 19.g3 Kg7 20.Kg2  1/2-1/2

[Event "4NCL 2009-10"]
[Site "Sunningdale ENG"]
[Date "2010.05.01"]
[Round "9"]
[White "Wells,P"]
[Black "Jirka,J"]
[Result "0-1"]
[WhiteElo "2489"]
[BlackElo "2404"]

1.d4 d5 2.c4 c6 3.Nf3 Nf6 4.Nc3 a6 5.g3 b5 6.b3 Bf5 7.Bg2 e6 8.O-O h6 9.Ne5 Bd6
10.Bb2 O-O 11.Rc1 Ra7 12.e3 Bh7 13.f4 bxc4 14.bxc4 Rb7 15.Rf2 Qa5 16.g4 Bxe5
17.fxe5 Nfd7 18.e4 dxc4 19.Na4 Rb4 20.a3 Rxa4 21.Bc3 Qb5 22.Rb2 Rxa3 23.Rxb5 axb5
24.d5 c5 25.g5 hxg5 26.dxe6 fxe6 27.Bh3 Ra6 28.Ra1 Rb6 29.Ba5 Rc6 30.Bxe6+ Rxe6
31.Qd5 Re8 32.Bc7 Kh8 33.Ra8 Bg8 34.Qd1 c3 35.Qd3 b4  0-1

[Event "ch-Commonwealth"]
[Site "Delhi IND"]
[Date "2010.05.12"]
[Round "5"]
[White "Laxman,R"]
[Black "Bhakti,K"]
[Result "1-0"]
[WhiteElo "2476"]
[BlackElo "2268"]

1.Nf3 d5 2.d4 Nf6 3.c4 c6 4.Nc3 a6 5.a4 e6 6.g3 Nbd7 7.Bg2 Bd6 8.O-O O-O
9.Nd2 dxc4 10.Nxc4 Bc7 11.a5 e5 12.d5 cxd5 13.Nxd5 Nxd5 14.Qxd5 Qe7 15.Be3 Rd8
16.Rfd1 Rb8 17.Nd6 Nf6 18.Nxc8 Rdxc8 19.Qb3 e4 20.Ba7 Ra8 21.Qxb7 Qe6 22.b4 Ne8
23.Bc5 Nf6 24.Ba7 Ne8 25.Be3 Nf6 26.Rac1 Rab8 27.Qc6 Be5 28.Qxe6 fxe6 29.Rxc8+ Rxc8
30.Bc5 Kf7 31.e3 Bc7 32.Bf1 Bxa5 33.Bxa6 Rd8 34.Rc1 Bc7 35.b5 Ba5 36.Bb7 Rd2
37.Bd4 Ke7 38.h3 g6 39.Bc6 Nd5 40.Bc5+ Kf6 41.Kf1 Kf5 42.Bxd5 Rxd5 43.b6 Rd8
44.Rb1 Bc3 45.b7 Be5 46.Be7 Re8 47.g4+  1-0

[Event "ch-Commonwealth"]
[Site "Delhi IND"]
[Date "2010.05.12"]
[Round "5"]
[White "Gupta,Ab"]
[Black "Anwesh,U"]
[Result "1-0"]
[WhiteElo "2570"]
[BlackElo "2419"]

1.d4 d5 2.c4 c6 3.Nc3 Nf6 4.Nf3 a6 5.g3 dxc4 6.a4 e6 7.Bg2 c5 8.dxc5 Qxd1+
9.Nxd1 Bxc5 10.Ne3 Nc6 11.Nxc4 Ke7 12.O-O Rd8 13.Bd2 Ne4 14.Bf4 Nd6 15.Rfc1 Nxc4
16.Rxc4 Bd6 17.Be3 e5 18.Bb6 Re8 19.Ng5 f6 20.Ne4 Be6 21.Rc3 Rec8 22.Rd1 Bc7
23.Bc5+ Kf7 24.b4 Rd8 25.Rdc1 Rd7 26.Be3 Bd6 27.b5 axb5 28.axb5 Nd8 29.Bc5 Bxc5
30.Nxc5 Re7 31.b6 Ra2 32.Rd3 Ra8 33.Rcd1 Ke8 34.Rd6 Rc8 35.Nxe6 Rxe6 36.Rxe6+ Nxe6
37.Bxb7 Rb8 38.Bc6+ Kf8 39.b7 Nd4 40.Bg2 Ke7 41.e3 Ne6 42.Bc6 Nd8 43.Bd5 g6
44.Kg2 Kd6 45.Bg8+ Kc7 46.Bxh7  1-0

[Event "DPMM"]
[Site "Halle GER"]
[Date "2010.05.14"]
[Round "1"]
[White "Tkachiev,V"]
[Black "Bente,B"]
[Result "1-0"]
[WhiteElo "2636"]
[BlackElo "2250"]

1.d4 d5 2.c4 c6 3.Nf3 Nf6 4.Nc3 a6 5.e3 b5 6.b3 Bg4 7.Be2 e6 8.O-O Nbd7 9.h3 Bh5
10.Bb2 Be7 11.Ne5 Bxe2 12.Nxe2 Qb6 13.Qc2 O-O 14.cxb5 cxb5 15.Rfc1 Qb7 16.Qc7 Ra7
17.Qxb7 Rxb7 18.Rc6 Nb8 19.Rc2 Nfd7 20.Nf4 Bd6 21.Rac1 Nb6 22.h4 Rd8 23.g4 Kf8
24.g5 Ke7 25.Kf1 a5 26.h5 a4 27.g6 hxg6 28.hxg6 a3 29.Bc3 Bxe5 30.dxe5 fxg6
31.Bb4+ Kf7 32.Nh3 Na6 33.Ng5+ Ke8 34.Ba5 Kd7 35.Rc6 Rh8 36.Rd6+ Ke8 37.Rxe6+ Re7
38.Rxe7+ Kxe7 39.Rc6  1-0

[Event "DPMM Ind"]
[Site "Halle GER"]
[Date "2010.05.14"]
[Round "1"]
[White "Eichner,S"]
[Black "Muranyi,K"]
[Result "1/2-1/2"]
[WhiteElo "2328"]
[BlackElo "2373"]

1.Nf3 d5 2.d4 c6 3.c4 Nf6 4.Nc3 a6 5.a4 g6 6.e3 Bg7 7.b3 O-O 8.Ba3 Re8 9.Be2 Bg4
10.O-O Nbd7 11.cxd5 Nxd5 12.Nxd5 cxd5 13.h3 Bxf3 14.Bxf3 e6 15.Qd3 Bf8 16.Bxf8 Rxf8
17.Rfc1 Rc8 18.Rc3 Rc6 19.Rac1 Qb6 20.Rxc6 bxc6 21.Qc3 Nb8 22.b4 Re8 23.Be2 Re7
24.b5 axb5 25.axb5 cxb5 26.Qc8+ Kg7 27.Rc5 Qb7 28.Qd8 Rd7 29.Qe8 Re7 30.Qd8 Rd7
31.Qg5 Na6 32.Rxb5 Qc7 33.g3 h6 34.Qg4 Qd6 35.Kg2 Nc7  1/2-1/2

[Event "TCh-UKR Clubs"]
[Site "Alushta UKR"]
[Date "2010.05.17"]
[Round "7"]
[White "Savvopulo,A"]
[Black "Shemeakin,A"]
[Result "1/2-1/2"]
[WhiteElo "2100"]
[BlackElo "2324"]

1.d4 d5 2.c4 c6 3.Nc3 Nf6 4.Nf3 a6 5.cxd5 cxd5 6.a3 Nc6 7.Bf4 Bf5 8.e3 Rc8
9.Bd3 Bxd3 10.Qxd3 e6 11.O-O Be7 12.Ne5 O-O 13.Rfc1 Nxe5 14.Bxe5 Nd7 15.Bg3 Nb6
16.Rc2 Qd7 17.Rac1 Rc6 18.Nb1 Rfc8 19.b3 a5 20.a4 Bb4 21.Kf1 f6 22.f3 g6
23.Ke2 Kf7 24.Kd1 Ke7 25.h3 Rxc2 26.Rxc2 Rc6 27.Nc3 Nc8 28.Nb5 Rxc2 29.Qxc2 Qc6
30.Bb8 Kd7 31.Bg3 Ne7 32.Na7 Qb6 33.Nb5 Nf5 34.Bf2 Qc6 35.g4 Nd6 36.Qxc6+ bxc6
37.Nxd6 Kxd6 38.Bh4 g5 39.Bg3+ e5 40.Ke2 c5 41.Kd3 cxd4 42.exd4 Ke6 43.Bf2 Kd7
44.Be3 h6 45.Bf2 Kd6 46.Bg3 Ke6 47.Bf2 Kd7 48.Be3 Be1 49.dxe5 fxe5 50.Bc5 Ke6
51.Ke2 Bb4 52.Bxb4 axb4  1/2-1/2

[Event "ch-Commonwealth"]
[Site "Delhi IND"]
[Date "2010.05.17"]
[Round "10"]
[White "Lalith,B"]
[Black "Girish,A"]
[Result "1-0"]
[WhiteElo "2493"]
[BlackElo "2276"]

1.Nf3 d5 2.d4 Nf6 3.c4 c6 4.Nc3 a6 5.c5 Nbd7 6.Bf4 Nh5 7.e3 Nxf4 8.exf4 g6
9.Bd3 Bg7 10.Qd2 b6 11.b4 a5 12.b5 Bb7 13.cxb6 c5 14.Be2 cxd4 15.Nxd4 Qxb6
16.Rd1 Nc5 17.h4 O-O 18.h5 Qf6 19.Bf3 Ne4 20.Bxe4 dxe4 21.h6 Bh8 22.Qe3 e5
23.fxe5 Qxe5 24.Nde2 Rac8 25.Rh3 Rc7 26.Qg3 f5 27.Qxe5 Bxe5 28.a4 f4 29.Nd5 Rcf7
30.Rb3 f3 31.gxf3 exf3 32.Ng1 Bd6 33.Kf1 g5 34.Rbd3 g4 35.Ne3 Bf4 36.Nxg4 Bc8
37.Ne3 Bxh6 38.Nc4 Be6 39.Nxa5 Ra8 40.Rd6 Rf6 41.Ra6 Re8 42.Rad6 Bf4 43.Rd8 Kf8
44.Rxe8+ Kxe8 45.Rd4 h5 46.Nc6 Bc7 47.Re4 Kd7 48.Ne5+ Bxe5 49.Rxe5 Bg4 50.a5 Rd6
51.Re3 Rd5 52.Nxf3 Rxb5 53.Ne5+ Kc7 54.Nxg4 hxg4 55.Ra3 Rb4 56.a6 Kb8 57.a7+ Ka8
58.Kg2 Rc4 59.Kg3 Rb4 60.Ra5 Rc4 61.Rg5 Kxa7 62.Rxg4 Rc3+ 63.Kg2 Kb6 64.Rd4 Rc8
65.f4 Kc5 66.Rd1 Rg8+ 67.Kf3 Rf8 68.Kg4 Rg8+ 69.Kh5 Rh8+ 70.Kg5 Rg8+ 71.Kh6 Rf8
72.Rf1 Kd6 73.Kg7 Rf5 74.Kg6 Rf8 75.f5 Rg8+ 76.Kf7 Rg2 77.f6 Kd7 78.Rd1+ Kc7
79.Rd3 Kc8 80.Kf8 Rf2  1-0

[Event "TCh-UKR Clubs"]
[Site "Alushta UKR"]
[Date "2010.05.19"]
[Round "10"]
[White "Moiseenko,A1"]
[Black "Shemeakin,A"]
[Result "1-0"]
[WhiteElo "2669"]
[BlackElo "2324"]

1.d4 d5 2.c4 c6 3.Nc3 Nf6 4.Nf3 a6 5.c5 Nbd7 6.Bf4 Nh5 7.g3 g6 8.Qd2 Nxf4
9.gxf4 Bh6 10.e3 f6 11.h4 e5 12.fxe5 fxe5 13.Nxe5 Nxe5 14.dxe5 Bg4 15.Be2 Bxe2
16.Nxe2 Qe7 17.Qc3 Bf8 18.Rc1 O-O-O 19.f4 Bg7 20.Kd2 Rhf8 21.Kc2 Rf5 22.Kb1 Bxe5
23.fxe5 Rxe5 24.Rh3 Re4 25.h5 gxh5 26.Nd4 Rf8 27.Qd2 h4 28.a3 Rg4 29.Qc2 Re4
30.Ka2 Kb8 31.Rg1 Ka7 32.Qc3 h5 33.Qa5 Qd7 34.Rgh1 Qe7 35.R1h2 Rc8 36.Nf5 Qe6
37.Nd6 d4+ 38.b3  1-0

[Event "4th All China Games Rapid"]
[Site "Hefei CHN"]
[Date "2010.05.20"]
[Round "10"]
[White "Tan Zhongyi"]
[Black "Wu Wenjin"]
[Result "1/2-1/2"]
[WhiteElo "2464"]
[BlackElo "2407"]

1.d4 d5 2.c4 c6 3.Nf3 Nf6 4.Nc3 a6 5.c5 Nbd7 6.Bf4 Nh5 7.Bd2 Nhf6 8.Bf4 Nh5
9.Bd2 Nhf6 10.Qc2 g6 11.g3 Bg7 12.Bg2 O-O 13.O-O Re8 14.Rad1 Nf8 15.Na4 Bf5
16.Qb3 Ra7 17.Ne5 N6d7 18.f4 Nf6 19.Nb6 a5 20.Qa4 N8d7 21.Nbxd7 Nxd7 22.b4 b5
23.cxb6 Nxb6 24.Qxc6 axb4 25.Bxb4 Rxa2 26.Bc5 Rb2 27.Bxb6 Rxb6 28.Qxd5 Qxd5
29.Bxd5 e6 30.Bf3 Bc2 31.Rd2 Ba4 32.Ra1 Rb4 33.Rda2 Bb5 34.e3 f6 35.Ng4 h5
36.Nf2 e5 37.f5 gxf5 38.Bxh5 Rd8 39.Bg6 exd4 40.exd4 f4 41.gxf4 f5 42.Ra8 Rxd4
43.Rxd8+ Rxd8 44.Ra5 Rd5 45.Be8 Bc6 46.Rxd5 Bxd5 47.Bd7 Be4  1/2-1/2

[Event "4th All China Games Rapid"]
[Site "Hefei CHN"]
[Date "2010.05.20"]
[Round "11"]
[White "Li Shilong"]
[Black "Zhao Jun"]
[Result "1-0"]
[WhiteElo "2514"]
[BlackElo "2574"]

1.d4 d5 2.c4 c6 3.Nf3 Nf6 4.Nc3 a6 5.c5 Bf5 6.Bf4 Nbd7 7.e3 e6 8.Be2 Be7
9.Nd2 Bg6 10.b4 O-O 11.O-O Re8 12.a4 Qc8 13.b5 Bd8 14.b6 e5 15.Bg3 exd4 16.exd4 Nf8
17.Nb3 Ne4 18.Nxe4 Rxe4 19.Bf3 Re8 20.Na5 Bf5 21.Re1 Rxe1+ 22.Qxe1 Bf6 23.Be5 Bg5
24.Bxd5 cxd5 25.c6 bxc6 26.b7 Qe8 27.bxa8=Q Qxa8 28.Qc3  1-0

[Event "ch-CAT"]
[Site "Sabadell ESP"]
[Date "2010.05.21"]
[Round "4.1"]
[White "Magem Badals,J"]
[Black "Fluvia Poyatos,Joa"]
[Result "1/2-1/2"]
[WhiteElo "2585"]
[BlackElo "2479"]

1.d4 d5 2.c4 c6 3.Nf3 Nf6 4.Nc3 a6 5.g3 b5 6.cxd5 cxd5 7.Bg2 e6 8.O-O Bb7
9.Bf4 Be7 10.Ne5 Nc6 11.Rc1 Rc8 12.e4 Nxe5 13.dxe5 Nxe4 14.Nxe4 Rxc1 15.Bxc1 dxe4
16.Qg4 f5 17.exf6 Bxf6 18.Qxe6+ Qe7 19.Qb6 O-O 20.b3 Rc8 21.Be3 Rc2 22.Rd1 Bc8
23.Qb8 Kf7 24.Qf4 g5 25.Qb8 Bg4 26.Rb1 Rxa2 27.h3 Be2 28.Rc1 Ra1 29.Rxa1 Bxa1
30.Qa8 Bd3 31.Qxa6 Bf6 32.Qa8 Qe6 33.Qb7+ Kg6 34.b4 h5 35.Bc5 h4 36.g4 Bg7
37.Qe7 Qxe7 38.Bxe7 Bf6 39.Bc5 Kf7 40.f3 Be7 41.Be3 Bxb4 42.fxe4 Be7 43.Kf2 b4
44.Bd4 b3 45.Ke3 Bc4 46.Bb2 Ke6 47.Kd4 Ba6 48.e5 Bb4 49.Bd5+ Kd7 50.Bc4 Bb7
51.Bd5 Ba6 52.Bc4 Bb7 53.Bd5 Ba6  1/2-1/2

[Event "Municipality Cup"]
[Site "Tbilisi GEO"]
[Date "2010.05.22"]
[Round "8"]
[White "Bagaturov,G"]
[Black "Lortkipanidze,N"]
[Result "1/2-1/2"]
[WhiteElo "2453"]
[BlackElo "2198"]

1.d4 Nf6 2.c4 c6 3.Nc3 d5 4.Nf3 a6 5.e3 b5 6.b3 Bg4 7.Be2 e6 8.O-O Nbd7 9.h3 Bf5
10.Bb2 Qb8 11.c5 Be7 12.b4 a5 13.a3 O-O 14.Bd3 Bd8 15.Bxf5 exf5 16.Qc2 Ne4
17.Ne5 Qc8 18.Ne2 Re8 19.f3 Nef6 20.Ng3 g6 21.e4 dxe4 22.fxe4 Nxe5 23.dxe5 Nxe4
24.Nxe4 fxe4 25.Rad1 axb4 26.axb4 Bc7 27.Qxe4 Qe6 28.Qf3 Ra2 29.Ba1 Re7 30.Bc3 Re8
31.Rd3 Ra3 32.Re3 Bb8 33.Rfe1 Rxc3 34.Rxc3 Bxe5 35.Rcc1 Kg7 36.Kh1 Re7 37.Rcd1 Qc4
38.Re4 Qc2 39.Rde1 f6 40.Rf1 Qb2 41.Re2 Qd4 42.Qxc6 Qc4 43.Qe4 Qxe4 44.Rxe4 Rd7
45.Rc1 Kf7 46.Re2 Ke6 47.c6 Rc7 48.Rc5 h5 49.g4 hxg4 50.hxg4 Kd6 51.Rd2+ Ke6
52.Kg2 Bd6 53.Rc1 Bxb4 54.Re2+ Kd5 55.Rd1+ Kc5 56.Rc2+ Kb6 57.Rf1 Be7 58.Rfc1 Bd6
59.Kf3 Ba3 60.Re1 b4 61.Re3 Rxc6 62.Rxc6+ Kxc6 63.Re6+ Kc5 64.Ke2 Bb2 65.g5 fxg5
66.Rxg6 Bc1 67.Kd3 Bf4 68.Kc2 Kc4 69.Kb2 Be3 70.Rg8 Bd4+ 71.Kb1 Be3 72.Kb2 b3
73.Rg6 Kb4 74.Rg8  1/2-1/2

[Event "2nd Limpedea Cup"]
[Site "Baia Sprie ROM"]
[Date "2010.05.24"]
[Round "1"]
[White "Shishkin,Va UKR"]
[Black "Manea,Al"]
[Result "1/2-1/2"]
[WhiteElo "2513"]
[BlackElo "2396"]

1.d4 d5 2.c4 c6 3.Nf3 Nf6 4.Nc3 a6 5.c5 Bf5 6.Bf4 Nbd7 7.e3 Nh5 8.Be5 f6
9.Bg3 e5 10.Nh4 Bg6 11.Nxg6 hxg6 12.Qc2 Rh6 13.Rg1 Nxg3 14.hxg3 Qa5 15.a3 Be7
16.Be2 Qc7 17.O-O-O f5 18.Kb1 Nf6 19.Rh1 exd4 20.exd4 Rxh1 21.Rxh1 O-O-O
22.Bf3 Re8 23.Rd1 Bd8 24.Qd2 Ne4 25.Bxe4 fxe4 26.Qe3 Rf8 27.Rf1 Kb8 28.f4 exf3
29.Rxf3 Rxf3 30.Qxf3 Bf6 31.Qe3  1/2-1/2

[Event "34th Open"]
[Site "Fourmies FRA"]
[Date "2010.05.24"]
[Round "6"]
[White "Shirazi,K"]
[Black "Peric,Sl"]
[Result "1-0"]
[WhiteElo "2425"]
[BlackElo "2213"]

1.d4 d5 2.Nf3 Nf6 3.c4 c6 4.Nc3 a6 5.e3 e6 6.Bd2 Nbd7 7.c5 Qc7 8.b4 g6 9.a4 Bg7
10.b5 axb5 11.axb5 Rxa1 12.Qxa1 O-O 13.Qa7 Ne8 14.Be2 e5 15.O-O Qd8 16.Rb1 Nc7
17.bxc6 bxc6 18.Na2 Ne6 19.Nb4 exd4 20.Nxc6 Qf6 21.Ncxd4 Ndxc5 22.Bb4 Nxd4
23.exd4 Bf5 24.Re1 Ne6 25.Bxf8 Bxf8 26.Ne5 Bb4 27.Qb8+ Bf8 28.Qb6 Qh4 29.Qb7 Be7
30.Nf3 Qf6 31.Qxd5 Nf4 32.Qe5 Qxe5 33.dxe5 Bb4 34.Bc4 Bxe1 35.Nxe1 Be4 36.g3 Bd5
37.gxf4 Bxc4 38.Kg2 Bd5+ 39.Kg3 f6 40.Nc2 Kf7 41.Ne3 Be4 42.Ng4 fxe5 43.fxe5 g5
44.h4 gxh4+ 45.Kxh4 Ke6 46.f4 Kf5 47.Kg3 Bd3 48.Ne3+ Ke4 49.Ng4 Kf5 50.Kf3 Be4+
51.Ke3 Bc6 52.Nf6 h6 53.Ng8 Bd7 54.Nxh6+  1-0

[Event "34th Open"]
[Site "Fourmies FRA"]
[Date "2010.05.24"]
[Round "7"]
[White "Rolland,B"]
[Black "Marlier,G"]
[Result "1-0"]
[WhiteElo "2125"]
[BlackElo "1940"]

1.d4 d5 2.c4 c6 3.Nc3 Nf6 4.Nf3 a6 5.c5 Bg4 6.Ne5 Bh5 7.Qb3 Qc7 8.Bf4 Qc8
9.e4 e6 10.f3 Bg6 11.O-O-O Nbd7 12.h4 dxe4 13.g4 exf3 14.h5 Be4 15.Nxe4 Nxe4
16.Nxf7 Kxf7 17.Qxf3 Nef6 18.g5 Nd5 19.Bh3 Be7 20.Be5+ Ke8 21.Bxg7 Bxg5+
22.Kb1 Rg8 23.h6 Nf8 24.Qh5+ Ng6 25.Qxg5 Ndf4 26.Bg4 Kd7 27.d5 cxd5 28.Rxd5+ Nxd5
29.Qxd5+ Ke8 30.Bxe6 Qd8 31.Bf7+  1-0

[Event "2nd Limpedea Cup"]
[Site "Baia Sprie ROM"]
[Date "2010.05.28"]
[Round "5"]
[White "Grigore,Ge"]
[Black "Manea,Al"]
[Result "1/2-1/2"]
[WhiteElo "2532"]
[BlackElo "2396"]

1.d4 d5 2.c4 c6 3.Nf3 Nf6 4.Nc3 a6 5.e3 b5 6.c5 Bg4 7.Qb3 Bxf3 8.gxf3 e5
9.a4 Nbd7 10.Qa3 Rc8 11.axb5 axb5 12.Bd2 g6 13.Qa5 Qxa5 14.Rxa5 Bg7 15.Na2 Nh5
16.Bc3 exd4 17.exd4 O-O 18.Nb4 Nf4 19.Ra7 Rfd8 20.Kd1 Ne6 21.Bh3 Ra8 22.Rxa8 Rxa8
23.Kc2 Bxd4 24.Bxe6 Bxc3 25.Bxd7 Bxb4 26.Bxc6 Rc8 27.Bb7 Rxc5+ 28.Kb3 Ba5
29.Rd1 Bd8 30.Rxd5 Rxd5 31.Bxd5 Be7 32.Bc6 b4 33.Kc4 Kg7 34.Kd3 f5 35.Bd5 h5
36.b3 h4 37.h3 Kf6 38.Bc6 Ke5 39.Be8 g5 40.Bd7 Kf4 41.Ke2 Bc5  1/2-1/2

[Event "XXIX Open A"]
[Site "Zalakaros HUN"]
[Date "2010.05.29"]
[Round "4"]
[White "Radnai,A"]
[Black "Kernazhitsky,L"]
[Result "0-1"]
[WhiteElo "2198"]
[BlackElo "2354"]

1.d4 d5 2.c4 c6 3.Nf3 Nf6 4.Nc3 a6 5.cxd5 cxd5 6.Bf4 Nc6 7.e3 Bf5 8.Ne5 Qb6
9.g4 Qxb2 10.gxf5 Qxc3+ 11.Ke2 Ne4 12.Kf3 g5 13.fxg6 hxg6 14.Rc1 Qd2 15.Qxd2 Nxd2+
16.Ke2 Nxf1 17.Nxc6 bxc6 18.Rhxf1 Rc8 19.Rc2 g5 20.Bxg5 Rxh2 21.Bf4 Rh5 22.Rfc1 Kd7
23.Rb1 Bg7 24.Rb7+ Ke8 25.Rb6 Kd7 26.Rb7+ Ke8 27.Rb6 Kd7 28.Rxa6 e5 29.dxe5 Bxe5
30.Bxe5 Rxe5 31.Kd3 Kd6 32.a4 Re4 33.Rb2 f5 34.Rb7 f4 35.Rf7 fxe3 36.fxe3 Rh4
37.Raa7 Rb8 38.a5 Rb3+ 39.Kd2 Ra4 40.Rfb7 Ra2+ 41.Kc1 Rxe3 42.Rb2 Ra1+ 43.Kd2 Rea3
44.Rc2 R1a2 45.Ra8 Kc7 46.Ra7+ Kd6 47.Ra8 Rxc2+ 48.Kxc2 Kc5 49.Kb2 Ra4 50.Kb3 Rb4+
51.Ka3 Rb1 52.Ka2 Rb7 53.Ka3 Kb5 54.Kb3 Rh7 55.Kc3 c5 56.a6 Rh3+ 57.Kb2 Rh7
58.Kc3 d4+ 59.Kb3 c4+ 60.Kb2 c3+ 61.Kb3 Rc7 62.a7 Kc5 63.Kc2 Kc4 64.Rd8 Rxa7
65.Rc8+ Kd5 66.Rd8+ Ke5 67.Re8+ Kf6 68.Kd3 Ra1 69.Rf8+ Ke7 70.Rf2 Rd1+ 71.Kc2 Rh1
72.Kd3 Rh4 73.Ra2 Rf4 74.Rh2 Kf6 75.Rh8 Kg5 76.Rg8+ Kh4 77.Rg7 Rg4 78.Rh7+ Kg3
79.Rf7 Rf4 80.Ra7 Kg4 81.Ra1 Kf5 82.Ra5+ Ke6 83.Rh5 Rf1 84.Rh6+ Ke5 85.Rh5+ Rf5
86.Rh3 Kd5 87.Rh8 Rf3+ 88.Kc2 Rf2+ 89.Kb3 Rb2+ 90.Ka3 Rb6  0-1

[Event "2nd Limpedea Cup"]
[Site "Baia Sprie ROM"]
[Date "2010.05.30"]
[Round "7"]
[White "Sieciechowicz,M"]
[Black "Manea,Al"]
[Result "1-0"]
[WhiteElo "2427"]
[BlackElo "2396"]

1.d4 d5 2.c4 c6 3.Nf3 Nf6 4.Nc3 a6 5.c5 Bf5 6.Bf4 Nbd7 7.e3 e6 8.h3 Ne4 9.Nxe4 Bxe4
10.b4 Be7 11.Be2 O-O 12.O-O Qc8 13.Qb3 Re8 14.Bg3 Bd8 15.Nd2 Bg6 16.a4 a5
17.b5 e5 18.Rae1 Bf6 19.Qc3 exd4 20.exd4 b6 21.bxc6 Nxc5 22.Bb5 Re6 23.Be5 Bxe5
24.Rxe5 Rxe5 25.dxe5 Qf5 26.f4 Rd8 27.g4 Qc2 28.Rc1 Qxc3 29.Rxc3 f5 30.Rxc5 bxc5
31.Ba6 fxg4 32.c7 Rf8 33.hxg4 Bc2 34.c8=Q Rxc8 35.Bxc8 Kf7 36.f5 Bxa4 37.Be6+ Ke7
38.Bxd5 h6 39.Nb3 Bb5 40.Kf2 a4 41.Nxc5 a3 42.Ke3 Bf1 43.Kf4 Bb5 44.Ne6  1-0

[Event "2nd Limpedea Cup"]
[Site "Baia Sprie ROM"]
[Date "2010.06.02"]
[Round "10"]
[White "Manolache,M"]
[Black "Manea,Al"]
[Result "1/2-1/2"]
[WhiteElo "2527"]
[BlackElo "2396"]

1.d4 d5 2.Nf3 Nf6 3.c4 c6 4.Nc3 a6 5.c5 Bf5 6.Bf4 Nbd7 7.e3 Nh5 8.Be2 Nxf4
9.exf4 g6 10.h4 b6 11.h5 Rg8 12.Qa4 Qc7 13.hxg6 hxg6 14.Ne5 b5 15.Qb3 f6
16.Nxd7 Qxd7 17.a4 Qb7 18.Bf3 Be6 19.g3 Bg7 20.Kd2 b4 21.Na2 a5 22.Rae1 Bf7
23.Qe3 Kf8 24.Nc1 Re8 25.Nd3 Qc8 26.Rh4 Rh8 27.Bg4 e6 28.Rxh8+ Bxh8 29.Bh3 Bg7
30.g4 Qc7 31.g5 f5 32.Bg2 Ke7 33.Rh1 Rh8 34.Rxh8 Bxh8 35.Nc1 Be8 36.Nb3 Bd7
37.Qg3 Bg7 38.Bf1 Kf8 39.Ke3 Kg8 40.Be2 Bc8 41.Kd2 Kf7 42.Qe3 Kf8 43.Kc2 Kf7
44.Nd2 Bd7 45.Nf3 Qb8 46.Kd1 Qh8 47.Kd2 Qb8 48.Bd3 Qh8 49.Ke2 Bc8 50.Kd2 Bd7
51.Ba6 Qb8 52.Ke1 Qh8 53.Ke2 Qa8 54.Bd3 Qh8 55.Kd2 Qb8 56.Ba6 Qh8 57.Be2 Qb8
58.Kc2 Qh8 59.Ba6 Qb8 60.Nd2 Qc7 61.Bd3 Qd8 62.Nb3 Qc7 63.Kd1 Qd8 64.Ke2 Qc7
65.Kf1 Qd8 66.Kg2 Bc8 67.Nd2 Bd7 68.Nf3 Qb8 69.Ba6 Qh8 70.Kg3 Qb8 71.Be2 Qh8
72.Qd3 Bc8 73.Qd1 Bd7 74.Ba6 Qa8 75.Be2 Qh8 76.Kg2 Qb8 77.Qc1 Qh8 78.Qe3 Qb8
79.Ba6 Qh8 80.Bb7 Qb8 81.Ba6 Qh8 82.Kg1 Qb8 83.Qd2 Qh8 84.Be2 Qb8 85.Qe3  1/2-1/2

[Event "AES Dominicana"]
[Site "Santo Domingo DOM"]
[Date "2010.06.02"]
[Round "1"]
[White "Infante,M"]
[Black "Jose Polanco,Ken"]
[Result "1-0"]
[WhiteElo "2277"]
[BlackElo "2004"]

1.Nf3 Nf6 2.c4 c6 3.d4 d5 4.Nc3 a6 5.a4 e6 6.g3 g6 7.Bg2 Bg7 8.O-O O-O 9.a5 b5
10.axb6 Qxb6 11.Na4 Qd8 12.c5 Nbd7 13.Bf4 Re8 14.Ra3 Ne4 15.Qc2 e5 16.dxe5 Nxe5
17.Nb6 Ra7 18.Nxe5 Bxe5 19.Bxe5 Rxe5 20.b4 Rae7 21.e3 Nf6 22.Qc3 Ne8 23.Qd3 Nc7
24.e4 Re8 25.f4 Rxe4 26.Bxe4 Rxe4 27.Nxc8 Qxc8 28.f5 gxf5 29.Qd2 Kh8 30.Qg5 Qg8
31.Qxf5 Rxb4 32.Qf6+ Qg7 33.Qd8+  1-0

[Event "II Nezhmetdinov Mem"]
[Site "Kazan RUS"]
[Date "2010.06.04"]
[Round "5"]
[White "Borisov,Ar"]
[Black "Khaziev,A"]
[Result "0-1"]
[WhiteElo "1996"]
[BlackElo "2012"]

1.d4 d5 2.c4 c6 3.Nf3 Nf6 4.Nc3 a6 5.a4 e6 6.Bg5 Be7 7.e3 Nbd7 8.Bd3 O-O
9.O-O dxc4 10.Bxc4 c5 11.Qe2 cxd4 12.Nxd4 Nb6 13.Bd3 Nbd5 14.Nxd5 Qxd5 15.Bh4 Bd7
16.Bc4 Qa5 17.Rfd1 Rfd8 18.Bg3 Rac8 19.Bd3 Nh5 20.Nf5 Nxg3 21.Nxe7+ Kf8 22.Ng6+ hxg6
23.hxg3 Bc6 24.Qg4 Qd5 25.Bf1 Qb3 26.Rxd8+ Rxd8 27.Qh4 Rd2 28.Bc4 Qxb2 29.Rf1 Kg8
30.Qf4 b5 31.Qc7 bxc4 32.Qxc6 c3 33.Qe8+ Kh7 34.Qxf7 c2 35.Qxe6 c1=Q 36.Rxc1 Qxc1+
37.Kh2 Rd1 38.Kh3 Qd2 39.Kh2 Qd5  0-1

[Event "Rapid Open"]
[Site "Hustopece CZE"]
[Date "2010.06.05"]
[Round "8"]
[White "Haba,P"]
[Black "Laznicka,V"]
[Result "1/2-1/2"]
[WhiteElo "2513"]
[BlackElo "2636"]

1.d4 d5 2.c4 c6 3.Nf3 Nf6 4.Nc3 a6 5.e3 b5 6.b3 Bg4 7.Be2 Nbd7 8.O-O e6 9.h3 Bf5
10.Bd3 Bg6 11.Bxg6 hxg6 12.cxd5 cxd5 13.a4 b4 14.Ne2 Ne4 15.Ne5 Bd6 16.Bb2 Qg5
17.f4 Qe7 18.Qc2  1/2-1/2

[Event "14th Master Open"]
[Site "Voronezh RUS"]
[Date "2010.06.12"]
[Round "1"]
[White "Ovod,E"]
[Black "Stetsko,L"]
[Result "1-0"]
[WhiteElo "2418"]
[BlackElo "2127"]

1.d4 d5 2.c4 c6 3.Nf3 Nf6 4.Nc3 a6 5.cxd5 cxd5 6.Ne5 e6 7.Bf4 Be7 8.e3 O-O
9.Bd3 Nc6 10.O-O Bd7 11.Qf3 b5 12.Qh3 g6 13.Bh6 Re8 14.g4 b4 15.Ne2 Ne4 16.Nxd7 Qxd7
17.Bxe4 dxe4 18.Ng3 e5 19.Nxe4 exd4 20.f3 Ne5 21.Rad1 d3 22.Bf4 Qe6 23.Qg3 Nc4
24.b3 Nb6 25.Rxd3 Nd5 26.Be5 f6 27.Bf4 Rac8 28.Rd2 Red8 29.Rfd1 Nc3 30.Nxc3 bxc3  1-0

[Event "14th Master Open"]
[Site "Voronezh RUS"]
[Date "2010.06.13"]
[Round "2"]
[White "Gubaydulin, Talgat"]
[Black "Volkov,Sergey1"]
[Result "0-1"]
[WhiteElo "2298"]
[BlackElo "2619"]

1.d4 d5 2.c4 c6 3.Nf3 Nf6 4.Nc3 a6 5.e3 b5 6.b3 Bg4 7.Be2 Nbd7 8.O-O e6 9.h3 Bf5
10.Bd3 Bg6 11.Bb2 Be7 12.Bxg6 hxg6 13.Qd3 Qb8 14.cxd5 cxd5 15.a4 bxa4 16.Nxa4 O-O
17.Rfc1 Ne4 18.Rc6 Qb5 19.Qd2 Rab8 20.Ba3 Bxa3 21.Rxa3 a5  0-1

[Event "14th Master Open"]
[Site "Voronezh RUS"]
[Date "2010.06.13"]
[Round "2"]
[White "Yevseev,D"]
[Black "Ponomarev,Dm"]
[Result "1/2-1/2"]
[WhiteElo "2520"]
[BlackElo "2365"]

1.d4 d5 2.Nf3 Nf6 3.c4 c6 4.Nc3 a6 5.a4 e6 6.g3 Nbd7 7.Bg2 Bb4 8.O-O O-O
9.Qc2 a5 10.Rd1 Qe7 11.e4 dxc4 12.e5 Nd5 13.Bg5 f6 14.exf6 gxf6 15.Bh6 Rd8
16.Nd2 N7b6 17.Nce4 Bd7 18.Nxc4 Nxc4 19.Qxc4 Be8 20.Bd2 Bh5 21.Re1 Bf7 22.Qe2 b6
23.Rac1 Rac8 24.Bh3 Re8 25.Nc3 Qd6 26.Qg4+ Kh8 27.Qh4 Qe7 28.Re2 Rg8 29.Rce1 f5
30.Qxe7 Nxe7 31.Rc1 Rgd8 32.Bg5 Kg7 33.Na2 h6 34.Be3 Bh5 35.Rec2 Bf3 36.Nxb4 axb4
37.Rc4 b3 38.Rb4 c5 39.dxc5 bxc5 40.Rxb3 c4 41.Bxh6+ Kxh6 42.Rxf3 Nc6 43.Bf1 Nd4
44.Rfc3 Rb8 45.Rxc4 Rxb2 46.Kg2 e5 47.Rc8 Rxc8 48.Rxc8 e4 49.Rd8 Nf3 50.Rd1 Ra2
51.Bb5 Ne5 52.Re1 Nf3 53.Re3 Ne5 54.h3 Ra1 55.Rc3 Kg5 56.Rb3 Kf6 57.Rc3 Kg5
58.Rb3 Kf6 59.h4 Ra2 60.Re3 Ra1 61.Rc3 Ra2 62.Kf1 Nf3 63.Rc6+ Ke5 64.Rc5+ Kf6
65.Rc6+ Ke5 66.Rc1 Nh2+ 67.Kg1 Nf3+ 68.Kf1 Nh2+ 69.Kg1 Nf3+ 70.Kf1 Kf6 71.Rc6+ Ke5
72.Rc5+  1/2-1/2

[Event "4th Ruy Lopez Masters"]
[Site "Villafranca ESP"]
[Date "2010.06.14"]
[Round "3"]
[White "Salgado Lopez,I"]
[Black "Cramling,P"]
[Result "1-0"]
[WhiteElo "2606"]
[BlackElo "2536"]

1.d4 d5 2.c4 c6 3.Nf3 Nf6 4.Nc3 a6 5.e3 e6 6.b3 Bb4 7.Bd2 Nbd7 8.Bd3 O-O
9.O-O Qe7 10.Re1 h6 11.e4 dxc4 12.bxc4 e5 13.Rb1 a5 14.Na4 Rd8 15.Qc2 Nh7
16.d5 Nhf6 17.Bc3 b5 18.cxb5 cxd5 19.exd5 Bb7 20.Nxe5 Nxe5 21.Rxe5 Qd6 22.a3 Bxc3
23.Qxc3 Nxd5 24.Qa1 Nf4 25.Be4 Rab8 26.Nc5 Bxe4 27.Nxe4 Qg6 28.Ng3 Rd2 29.Rf1 Rbd8
30.Qe1 a4 31.Re8+ Kh7 32.Rxd8 Rxd8 33.Qb4 Ne6 34.Qxa4 Rd4 35.Qb3 Rd3 36.Qb4 Rd4
37.Qb1 Nc5 38.b6 Nb7 39.Qb5 Rd6 40.Rb1 Rd5 41.Qb4 f5 42.h4 Qc6 43.h5 Re5
44.Qf4 Rc5 45.Nxf5 Qf6 46.g4 Re5 47.Qf3  1-0